000 00540nam a2200205Ia 4500
003 OSt
005 20220606110551.0
008 210210b2019 xxu||||| |||| 00| 0 eng d
040 _cAL
041 _aeng
082 _a321.80954 WILC
100 _aWilliams (Vasanthi Reena)
_940514
245 _aConstitution of India
260 _aMumbai
_bHimalaya Publishing House
_c2019
300 _avi,216
690 _aIndian Constitution & Government
_940515
700 _aDATTA (Noreen Alexeena)
_940516
906 _a073356
942 _2ddc
_cBK
999 _c94893
_d94893